|
|
|
|
| LEADER |
00885ncm a22002172a 4500 |
| 001 |
001345861 |
| 003 |
CZ BrMZK |
| 005 |
20140320150453.0 |
| 007 |
qu |
| 008 |
131115s1851 xr |||||||||||||||||zxx d |
| 040 |
|
|
|a BOA001
|b cze
|
| 072 |
|
7 |
|a 786
|x Hudba pro klávesové nástroje
|2 Konspekt
|9 9
|
| 100 |
1 |
|
|a Petrák, Jan,
|d -asi 1871
|7 mzk2010576127
|4 cmp
|
| 245 |
1 |
0 |
|a Sedlčanská polka
|h [hudebnina] :
|b für das Pianoforte : mit allgemeinem Beifall aufgeführt von der Loczer ungarischen MusikGesellschaft unter der Leitung ihres Capellmeisters Joh. Kálozdy /
|c componirt von Joh. Petrak
|
| 260 |
|
|
|a Prag :
|b Bei Joh. Hoffmann,
|c [1851?]
|
| 300 |
|
|
|a 1 partitura (3 s.)
|
| 500 |
|
|
|a Tisk vtlačenou plotnou, č. 1010
|
| 910 |
|
|
|a BOA001
|b Mus4-0169.902
|
| 990 |
|
|
|a MU
|
| 991 |
|
|
|b 201311
|
| 996 |
6 |
|
|b 2619631378
|c Mus4-0169.902
|l MZK
|r Sklad / do 1 hodiny
|n 0
|w 001380727
|u 000010
|a 1
|e BOA001
|j MZK50
|s P
|